Châteaux et littérature diplomová práca

Na minha lista:
Detalhes bibliográficos
Autor principal: Haladejová, Jana
Autor Corporativo: Fakulta aplikovaných jazykov EU v Bratislave. Katedra románskych a slovanských jazykov
Outros Autores: Tureková, Andrea, 1979-
Formato: Livro
Idioma:francês
Publicado em: Bratislava 2017
Tags: Adicionar Tag
Sem tags, seja o primeiro a adicionar uma tag!

MARC

LEADER 00000nbm a2200000 4500
001 0231456
005 20180213095927.6
041 0 |a fre 
044 |a SK 
245 1 0 |a Châteaux et littérature  |b diplomová práca  |c Jana Haladejová ; školiteľ: Andrea Tureková 
264 1 |a Bratislava  |c 2017 
300 |a 66 s. 
100 1 |a Haladejová, Jana 
700 1 |a Tureková, Andrea, 1979- 
710 2 |a Fakulta aplikovaných jazykov EU v Bratislave. Katedra románskych a slovanských jazykov